Význam Competitive Intelligence pre strategické rozhodovanie podniku diplomová práca

Gespeichert in:
Bibliographische Detailangaben
1. Verfasser: Sljuka, Martina
Körperschaft: Fakulta hospodárskej informatiky EU. Katedra aplikovanej informatiky
Weitere Verfasser: Cárachová, Magdaléna
Format: Buch
Sprache:Slowakisch
Veröffentlicht: Bratislava 2017
Tags: Tag hinzufügen
Keine Tags, Fügen Sie das erste Tag hinzu!

MARC

LEADER 00000nbm a2200000 4500
001 0232920
005 20180413101217.5
041 0 |a slo 
044 |a SK 
245 1 0 |a Význam Competitive Intelligence pre strategické rozhodovanie podniku  |b diplomová práca  |c Martina Sljuka ; školiteľ: Magdaléna Cárachová 
264 1 |a Bratislava  |c 2017 
300 |a 85 s. 
100 1 |a Sljuka, Martina 
700 1 |a Cárachová, Magdaléna 
710 2 |a Fakulta hospodárskej informatiky EU. Katedra aplikovanej informatiky